书目信息 |
| 题名: |
现代语言学名著选读
|
|
| 作者: | 郑玉荣 , 王庆忠 主编 | |
| 分册: | ||
| 出版信息: | 哈尔滨 哈尔滨工程大学出版社 2010.01 |
|
| 页数: | 347页 | |
| 开本: | 25cm | |
| 丛书名: | 大学外语系列丛书 | |
| 单 册: | ||
| 中图分类: | H0 | |
| 科图分类: | ||
| 主题词: | 语言学--著作--简介--世界--研究生--教材 | |
| 电子资源: | ||
| ISBN: | 978-7-81133-506-4 | |
| 000 | 00902nam 2200265 450 | |
| 001 | 276411 | |
| 005 | 20101009154631.95 | |
| 010 | @a978-7-81133-506-4@dCNY39.50 | |
| 100 | @a20101129d2010 km y0chiy0120 ea | |
| 101 | 0 | @achi |
| 102 | @aCN@b230000 | |
| 105 | @aa a 000yy | |
| 200 | 1 | @a现代语言学名著选读@Axian dai yu yan xue ming zhu xuan du@f郑玉荣, 王庆忠主编 |
| 210 | @a哈尔滨@c哈尔滨工程大学出版社@d2010.01 | |
| 215 | @a347页@c图@d25cm | |
| 225 | 1 | @a大学外语系列丛书 |
| 320 | @a有书目 (第340-347页) | |
| 330 | @a本书精选18篇现代语言学的名家名篇,涵盖语言学及应用语言学主要研究领域,包括语言研究、语音及音位学、形态学及句法学、言语行为等。 | |
| 410 | @12001 @a大学外语系列丛书 | |
| 606 | 0 | @a语言学@x著作@x简介@y世界@x研究生@x教材 |
| 690 | @aH0@v4 | |
| 701 | 0 | @a郑玉荣@Azheng yu rong@4主编 |
| 701 | 0 | @a王庆忠@Awang qing zhong@4主编 |
| 801 | 0 | @aCN@c20101129 |
| 905 | @dH0@eZ459 | |
| 现代语言学名著选读/郑玉荣, 王庆忠主编.-哈尔滨:哈尔滨工程大学出版社,2010.01 |
| 347页:图;25cm.-(大学外语系列丛书) |
| ISBN 978-7-81133-506-4:CNY39.50 |
| 本书精选18篇现代语言学的名家名篇,涵盖语言学及应用语言学主要研究领域,包括语言研究、语音及音位学、形态学及句法学、言语行为等。 |
| ● |
| 相关链接 |
|
|
|
正题名:现代语言学名著选读
索取号:H0/Z459
 
预约/预借
| 序号 | 登录号 | 条形码 | 馆藏地/架位号 | 状态 | 备注 |
| 1 | 1033338 | 210333389 | 语言库209/209语言库 61排4列6层/ [索取号:H0/Z459] | 在馆 | |
| 2 | 1033339 | 210333398 | 语言库209/209语言库 61排4列6层/ [索取号:H0/Z459] | 在馆 | |
| 3 | 1033340 | 210333405 | 语言库209/209语言库 61排4列6层/ [索取号:H0/Z459] | 在馆 |